Escudos de times da Premier League - Statistics

Estatísticas Gerais
  • Esse quiz foi jogado 291 vezes
  • A pontuação média é 19 de 20
Estatísticas das Respostas
Imagem Resposta % Correto
Arsenal
100%
Brentford
98%
Chelsea
98%
Crystal Palace
98%
Aston Villa
97%
Brighton
97%
Everton
97%
Liverpool
97%
Manchester City
97%
Manchester United
97%
Bournemouth
96%
Leicester
96%
Newcastle United
96%
Tottenham
96%
West Ham
96%
Nottingham Forest
94%
Southampton
94%
Ipswich Town
92%
Fulham
88%
Wolverhampton
83%
Nenhum quiz correspondente encontrado
Distribuição das Pontuações
Porcentagem de Pessoas com Cada Pontuação
Percentil de Números Respondidos
Sua Pontuação Histórica
Você não jogou esse quiz